000 00534nam a2200193 a 4500
005 20140310183351.0
008 070625s19uu xx 00 eng d
020 _a0600613240
050 _aBF 385
_b.Id29 2005
100 _aIddon, Jo
245 _aMemory boosters :
_b10 steps to a powerful memory /
_cJo Iddon
260 _aLondon :
_bOctopus Publishing Group,
_c2005.
300 _a144 p. :
_bcol. ill. ;
_c22 cm.
521 _aPSYCH
650 _aMemory.
700 _aWilliams, Huw
942 _cBK
_2lcc
_kFOR
999 _c22091
_d22091